Deutsche Landkreise und kreisfreie Städte auf einer leeren Karte - Statistiken

Allgemein
  • Dieses Quiz wurde 4.248 mal gespielt
  • Das Durchschnittsergebnis liegt bei 198 aus 400
Antworten auf der Karte
Die Antworten werden auf der Karte rot bzw. grün angezeigt, abhängig davon wie oft sie richtig erraten wurden.
 
Antwortstatistiken
Land Art Landkreis / Kreisfreie Stadt % Korrekt
BE S Berlin
87%
HH S Hamburg
87%
HB S Bremen
85%
NW S Köln
85%
BY LK | S München
85%
SH S Kiel
84%
HE S Frankfurt am Main
83%
BB S Frankfurt (Oder)
83%
SN S Dresden
81%
SN LK | S Leipzig
81%
MV LK | S Rostock
81%
SH LK Schleswig-Flensburg
81%
BW S Stuttgart
81%
NW S Düsseldorf
80%
SH S Flensburg
80%
NW LK Städteregion Aachen
80%
NW S Dortmund
79%
BB S Potsdam
79%
BB LK Potsdam-Mittelmark
79%
SL LK Regionalverband Saarbrücken
79%
NI LK Region Hannover
79%
BW S Freiburg im Breisgau
78%
NI LK Heidekreis
77%
BY S Nürnberg
77%
BY LK Nürnberger Land
77%
TH S Erfurt
76%
MV S Schwerin
76%
NW S Bonn
75%
HB S Bremerhaven
75%
NW S Essen
75%
SH S Lübeck
75%
RP S Mainz
75%
RP LK Mainz-Bingen
75%
BY LK | S Augsburg
74%
NW S Duisburg
74%
ST S Magdeburg
74%
BW LK Schwäbisch Hall
74%
TH S Jena
73%
HE LK | S Kassel
73%
BW S Mannheim
73%
NW S Münster
73%
NW S Bielefeld
72%
NW S Bochum
72%
BW LK | S Karlsruhe
72%
BY LK Regen
72%
RP S Trier
72%
RP LK Trier-Saarburg
72%
BW S Ulm
72%
NI S Braunschweig
71%
SN S Chemnitz
71%
NW S Gelsenkirchen
71%
NI LK | S Osnabrück
71%
NI S Wolfsburg
71%
NI LK | S Oldenburg
70%
HE S Wiesbaden
70%
BB S Cottbus
69%
BY LK | S Regensburg
69%
NW S Leverkusen
68%
RP LK Mayen-Koblenz
68%
BY LK | S Passau
68%
BY LK | S Würzburg
68%
HE S Darmstadt
67%
HE LK Darmstadt-Dieburg
67%
BY LK | S Fürth
67%
NI LK Göttingen
67%
BY S Ingolstadt
67%
RP S Koblenz
67%
NW S Mönchengladbach
67%
MV LK Vorpommern-Rügen
67%
BB S Brandenburg an der Havel
66%
BW S Heidelberg
66%
BW LK Konstanz
66%
NW LK Paderborn
66%
TH S Gera
65%
ST S Halle (Saale)
65%
HE LK Offenbach
65%
HE S Offenbach am Main
65%
NW S Wuppertal
65%
BY LK | S Hof
64%
RP LK | S Kaiserslautern
64%
BY LK | S Aschaffenburg
63%
BY LK | S Bamberg
63%
NI LK Cuxhaven
63%
NI S Emden
63%
RP S Ludwigshafen am Rhein
63%
BW S Baden-Baden
62%
BY LK | S Bayreuth
62%
SN LK Görlitz
62%
NW S Oberhausen
62%
NW LK Siegen-Wittgenstein
62%
SN LK Zwickau
62%
BY S Erlangen
61%
BY LK Erlangen-Höchstadt
61%
HE LK Gießen
61%
NW S Hamm
61%
MV LK Vorpommern-Greifswald
61%
TH S Weimar
61%
TH LK Weimarer Land
61%
BW LK Bodenseekreis
60%
NW S Krefeld
60%
NI LK Lüneburg
60%
BY LK | S Rosenheim
60%
NI S Wilhelmshaven
60%
HE LK Fulda
59%
BY LK Garmisch-Partenkirchen
59%
NI LK Hildesheim
58%
BY LK Neu-Ulm
58%
SH LK Nordfriesland
58%
SL LK Saarlouis
58%
BW LK Tübingen
58%
NI LK Celle
57%
NI LK Friesland
57%
NW S Hagen
57%
BW LK | S Heilbronn
57%
NI S Salzgitter
57%
NW S Solingen
57%
NW S Bottrop
56%
SN LK Erzgebirgskreis
56%
NW S Herne
56%
NW LK Recklinghausen
56%
BY LK | S Coburg
55%
BY LK Lindau (Bodensee)
55%
NW S Mülheim an der Ruhr
55%
BW S Pforzheim
55%
BY LK | S Schweinfurt
55%
RP LK Alzey-Worms
54%
NI LK Emsland
54%
NW LK Gütersloh
54%
ST LK Harz
54%
BY S Kempten (Allgäu)
54%
BY LK Neustadt an der Aisch- Bad Windsheim
54%
BW LK Reutlingen
54%
NW LK Rhein-Kreis Neuss
54%
HE LK Marburg-Biedenkopf
53%
MV LK Mecklenburgische Seenplatte
53%
BY LK Neustadt an der Waldnaab
53%
RP S Neustadt an der Weinstraße
53%
SN LK Bautzen
52%
BW LK Heidenheim
52%
BW LK Ludwigsburg
52%
BW LK Ravensburg
52%
RP S Worms
52%
BY LK Dachau
51%
ST S Dessau-Roßlau
51%
RP LK Eifelkreis Bitburg-Prüm
51%
NW LK Kleve
51%
NW LK Lippe
51%
NW LK Minden-Lübbecke
51%
BY LK Oberallgäu
51%
BY LK | S Ansbach
50%
NI LK Aurich
50%
NW LK Düren
50%
HE LK Hersfeld-Rotenburg
50%
NI LK Leer
50%
SH S Neumünster
50%
NW LK Unna
50%
BY LK Dingolfing-Landau
49%
NI LK Goslar
49%
BY LK | S Landshut
49%
SH LK Pinneberg
49%
NI LK Stade
49%
BY LK Berchtesgadener Land
48%
BW LK Esslingen
48%
BW LK Lörrach
48%
BY S Memmingen
48%
BY LK Ostallgäu
48%
NW S Remscheid
48%
ST LK Saalekreis
48%
NW LK Euskirchen
47%
NW LK Hochsauerlandkreis
47%
RP S Speyer
47%
SN LK Vogtlandkreis
47%
NI LK Cloppenburg
46%
SN LK Meißen
46%
BY LK Roth
46%
BB LK Uckermark
46%
RP S Zweibrücken
46%
NI S Delmenhorst
45%
TH LK Gotha
45%
NI LK Hameln-Pyrmont
45%
BB LK Havelland
45%
MV LK Ludwigslust-Parchim
45%
HE LK Main-Taunus-Kreis
45%
NW LK Märkischer Kreis
45%
SH LK Ostholstein
45%
RP S Pirmasens
45%
NI LK Rotenburg (Wümme)
45%
BY S Amberg
44%
BY LK Amberg-Sulzbach
44%
BW LK Böblingen
44%
RP S Landau in der Pfalz
44%
SL LK Neunkirchen
44%
SH LK Rendsburg-Eckernförde
44%
SN LK Sächsische Schweiz- Osterzgebirge
44%
NW LK Soest
44%
NW LK Wesel
44%
BY LK Erding
43%
NI LK Harburg
43%
NW LK Höxter
43%
MV LK Nordwestmecklenburg
43%
NW LK Olpe
43%
NW LK Rhein-Sieg-Kreis
43%
BY LK Bad Tölz-Wolfratshausen
42%
BY LK Freising
42%
BW LK Göppingen
42%
NI LK Peine
42%
BW LK Rhein-Neckar-Kreis
42%
BY LK Starnberg
42%
BW LK Tuttlingen
42%
NI LK Uelzen
42%
NI LK Vechta
42%
ST LK Wittenberg
42%
RP LK Ahrweiler
41%
NW LK Borken
41%
BY LK Cham
41%
NW LK Herford
41%
HE LK Limburg-Weilburg
41%
NW LK Mettmann
41%
SN LK Mittelsachsen
41%
NW LK Steinfurt
41%
ST LK Stendal
41%
BY LK Straubing-Bogen
41%
TH S Suhl
41%
ST LK Anhalt-Bitterfeld
40%
BW LK Calw
40%
RP LK Cochem-Zell
40%
NW LK Coesfeld
40%
BY S Kaufbeuren
40%
TH LK Nordhausen
40%
SN LK Nordsachsen
40%
HE LK Odenwaldkreis
40%
BB LK Oder-Spree
40%
SH LK Plön
40%
BW LK Rastatt
40%
BY S Straubing
40%
BY LK Unterallgäu
40%
NI LK Verden
40%
NW LK Viersen
40%
BY S Weiden in der Oberpfalz
40%
BY LK Deggendorf
39%
SH LK Dithmarschen
39%
NW LK Heinsberg
39%
BY LK Landsberg am Lech
39%
NW LK Rhein-Erft-Kreis
39%
RP LK Südliche Weinstraße
39%
BY LK Traunstein
39%
NI LK Wolfenbüttel
39%
ST LK Altmarkkreis Salzwedel
38%
BY LK Fürstenfeldbruck
38%
NI LK Grafschaft Bentheim
38%
NW LK Warendorf
38%
RP LK Westerwaldkreis
38%
BY LK Bad Kissingen
37%
RP LK Bad Kreuznach
37%
HE LK Bergstraße
37%
BW LK Biberach
37%
SH LK Herzogtum Lauenburg
37%
RP LK Neuwied
37%
BW LK Rottweil
37%
SH LK Segeberg
37%
BW LK Sigmaringen
37%
RP LK Vulkaneifel
37%
NI LK Wittmund
37%
TH LK Altenburger Land
36%
NI LK Diepholz
36%
NI LK Gifhorn
36%
HE LK Groß-Gerau
36%
BY LK Günzburg
36%
NI LK Nienburg (Weser)
36%
BB LK Oberhavel
36%
BY LK Altötting
35%
NW LK Ennepe-Ruhr-Kreis
35%
HE LK Hochtaunuskreis
35%
TH LK Ilm-Kreis
35%
BY LK Kulmbach
35%
HE LK Lahn-Dill-Kreis
35%
SL LK Merzig-Wadern
35%
BY LK Neumarkt in der Oberpfalz
35%
BW LK Ostalbkreis
35%
BB LK Ostprignitz-Ruppin
35%
BB LK Prignitz
35%
BB LK Spree-Neiße
35%
BW LK Waldshut
35%
TH LK Wartburgkreis
35%
NI LK Wesermarsch
35%
BY LK Aichach-Friedberg
34%
NI LK Ammerland
34%
BY LK Eichstätt
34%
RP S Frankenthal (Pfalz)
34%
BW LK Freudenstadt
34%
NI LK Helmstedt
34%
NI LK Holzminden
34%
TH LK Kyffhäuserkreis
34%
HE LK Main-Kinzig-Kreis
34%
BY LK Miesbach
34%
NI LK Northeim
34%
NW LK Oberbergischer Kreis
34%
NW LK Rheinisch-Bergischer Kreis
34%
SL LK Saarpfalz-Kreis
34%
NI LK Schaumburg
34%
TH LK Sonneberg
34%
SH LK Steinburg
34%
HE LK Vogelsbergkreis
34%
ST LK Börde
33%
BW LK Breisgau-Hochschwarzwald
33%
ST LK Burgenlandkreis
33%
BW LK Emmendingen
33%
ST LK Jerichower Land
33%
NI LK Lüchow-Dannenberg
33%
BW LK Main-Tauber-Kreis
33%
BW LK Ortenaukreis
33%
NI LK Osterholz
33%
BY LK Pfaffenhofen an der Ilm
33%
BY S Schwabach
33%
SL LK St. Wendel
33%
BB LK Teltow-Fläming
33%
BW LK Alb-Donau-Kreis
32%
RP LK Bad Dürkheim
32%
BB LK Barnim
32%
BB LK Elbe-Elster
32%
BY LK Freyung-Grafenau
32%
BY LK Kitzingen
32%
RP LK Kusel
32%
BY LK Main-Spessart
32%
ST LK Mansfeld-Südharz
32%
TH LK Saalfeld-Rudolstadt
32%
TH LK Schmalkalden-Meiningen
32%
HE LK Waldeck-Frankenberg
32%
BY LK Weilheim-Schongau
32%
BW LK Zollernalbkreis
32%
RP LK Altenkirchen (Westerwald)
31%
RP LK Germersheim
31%
BW LK Neckar-Odenwald-Kreis
31%
BY LK Neuburg-Schrobenhausen
31%
ST LK Salzlandkreis
31%
BY LK Schwandorf
31%
BW LK Schwarzwald-Baar-Kreis
31%
RP LK Bernkastel-Wittlich
30%
BB LK Dahme-Spreewald
30%
BY LK Dillingen an der Donau
30%
BY LK Ebersberg
30%
TH LK Eichsfeld
30%
BW LK Enzkreis
30%
BY LK Forchheim
30%
TH LK Greiz
30%
BW LK Hohenlohekreis
30%
BY LK Lichtenfels
30%
BY LK Miltenberg
30%
RP LK Rhein-Lahn-Kreis
30%
RP LK Rhein-Pfalz-Kreis
30%
SH LK Stormarn
30%
BY LK Tirschenreuth
30%
BY LK Donau-Ries
29%
BY LK Kelheim
29%
BY LK Kronach
29%
BW LK Rems-Murr-Kreis
29%
RP LK Rhein-Hunsrück-Kreis
29%
TH LK Sömmerda
29%
RP LK Südwestpfalz
29%
BY LK Weißenburg-Gunzenhausen
29%
HE LK Wetteraukreis
29%
BY LK Wunsiedel im Fichtelgebirge
29%
RP LK Birkenfeld
28%
BY LK Mühldorf am Inn
28%
TH LK Saale-Orla-Kreis
28%
HE LK Schwalm-Eder-Kreis
28%
HE LK Werra-Meißner-Kreis
28%
RP LK Donnersbergkreis
27%
BY LK Haßberge
27%
BB LK Märkisch-Oderland
27%
HE LK Rheingau-Taunus-Kreis
27%
BY LK Rottal-Inn
27%
TH LK Hildburghausen
26%
BB LK Oberspreewald-Lausitz
26%
BY LK Rhön-Grabfeld
25%
TH LK Saale-Holzland-Kreis
25%
TH LK Unstrut-Hainich-Kreis
23%
Keine übereinstimmenden Quizze gefunden
Verteilung der Resultate
Anzahl Personen mit jedem Resultat
Perzentil nach korrekt beantworteten Fragen
Ihre Resultats-Entwicklung
Sie haben dieses Quiz noch nicht gespielt